00724nam a2200217Ia 4500003000400000005001700004008004100021020001800062040001800080041000800098082002300106100002400129245008600153250001200239260007200251300002700323650007000350650003700420650003000457700001900487OSt20221116155738.0210716s2014 xx 000 0 und d a9789351109037 cAIMIT LIBRARY aeng a621.3821 21bFIRA aFirstenberg, Allen. aDesigning and developing for google glass /cBy Allen Firstenberg and Jason salas a1st ed. aNew Delhi :bShroff Publications and Distributers Pvt Ltd ,c2014. axxv,372,23p. ;c23 cm. aSocietal issues with glass and how to avoid them in your projects aSharing resources with glassware aReflections on the future a Salas, Jason.